MARC

LEADER 00000nas a22000007a 4500
001 ssj0013120
003 WaSeSS
005 20200512172242.0
006 m d
007 cr n
008 050614c19809999ohuqr pss o 0 a0eng c
010 |a  2007215767 
022 |a 1940-3046  |l 0742-4248  |y 0742-4248 
035 |a (WaSeSS)ssj0013120 
037 |b Heldref Publications, 1319 Eighteenth St., N.W., Washington, DC 20036-1806 
040 |a OCLCS  |b eng  |c OCLCS  |d NSD  |d OCLCQ  |d OCLCF  |d OCLCO  |d VT2  |d OCLCO  |d OCLCQ  |d WaSeSS 
042 |a pcc  |a nsdp 
050 4 |a PN3448.D4  |b C54 
082 1 0 |a 809  |2 14 
130 0 |a Clues (Bowling Green, Ohio : Online) 
222 0 |a Clues  |b (Bowling Green, Ohio Online) 
245 1 0 |a Clues  |h [electronic resource]. 
260 |a Bowling Green, Ohio :  |b Bowling Green University Popular Press 
310 |a Quarterly,  |b 2004- 
321 |a Semiannual,  |b 1980-2001 
362 1 |a Print began with v. 1:1 (spring 1980). 
500 |a "A journal of detection." 
500 |a Vols. for <fall 2004-> published: Washington, D.C. : Heldref Publications. 
506 |a License restrictions may limit access. 
515 |a Suspended 2002-2003; publication ceased after v. 22, no. 2 (fall 2001), resumed publication with v. 23, no. 1 (fall 2004). 
538 |a Mode of access: World Wide Web. 
588 |a Description based on: Vol. 23, no. 1 (fall 2004)--title from title screen (publisher's Web site viewed Sept. 26, 2007). 
588 |a Latest issue consulted: Vol. 25, no. 3 (spring 2007) (publisher's Web site viewed Sept. 26, 2007). 
650 0 |a Detective and mystery stories  |x History and criticism  |v Periodicals. 
650 7 |a Detective and mystery stories.  |2 fast  |0 (OCoLC)fst00891461 
655 0 |a Electronic journals. 
776 1 |t Clues (Bowling Green, Ohio)  |x 0742-4248  |w (DLC) 91660127  |w (OCoLC)7540087 
856 4 0 |z Full text available from Research Library: 10/01/2004 to present  |u https://search.proquest.com/publication/29000